00922cam a2200277 45000010005000000030008000050050017000130080041000300200015000710350018000860400041001040410008001450820016001531000046001692450059002152600029002743000026003033500011003295000051003405040030003916500026004216500025004479420012004729990015004849520145004994385BD-RjUL20211208233901.0131222s1971 enk b 001 0 eng d a0416660800 a(BD-RjUL)4420 aDLCcDLCdDLCdOCoLCd(BD-RjUL)beng aeng00a340.52bDIP1 aDiamond, A. S.q(Arthur Sigismund)91385710aPrimitive law, past and present /c[by] A. S. Diamond. aLondon,bMethuen,c1971. axxv, 410 p. ;c23 cm. a£5.00 a"Distributed in the U.S.A. by Barnes & Noble." aBibliography: p. ix-xxii. 0aLaw, Primitive.92001 0aLawxHistory.913858 2ddccBK c4385d4385 00102ddc40718NFICaRUCLbRUCLcReadingd1975-01-06eJonathan and co.g5.50l0o340.52 DIP 1971r2013-12-22 00:00:00tC-1w2021-12-08yBK